Campeões da Copa Verde - Statistics

Estatísticas Gerais
  • Esse quiz foi jogado 71 vezes
  • A pontuação média é 8 de 8
Estatísticas das Respostas
Ano UF Clube % Correto
2019 MT Cuiabá
100%
2015 MT Cuiabá
100%
2018 PA Paysandu
100%
2016 PA Paysandu
100%
2020 DF Brasiliense
98%
2021 PA Remo
98%
2017 MT Luverdense
78%
2014 DF Brasília
76%
Nenhum quiz correspondente encontrado
Distribuição das Pontuações
Porcentagem de Pessoas com Cada Pontuação
Percentil de Números Respondidos
Sua Pontuação Histórica
Você não jogou esse quiz